000 01173cam a2200301 4500
008 090401t1999 xxu||||| |||| 00| 0 eng d
020 _a0854069496
022 _a1354-506X
035 _a(Sirsi) u92999
041 _aeng
050 _a690.240285
_c18
100 _aJones, Keith
245 _aComputerised maintenance management systems
_ba survey of performance requirements
260 _aLondon
_bRICS
_c1999
300 _a94p.
_c30cm.
350 _a7.95
490 _aRICS Foundation Research Papers
_v3(5)
520 _aProvides information on what current users believe to be essential or desirable attributes of computerised property management systems, and indicates the current state of the art or industry benchmark for current systems in terms of both performance and functionality.
650 _aCOMPUTER SYSTEMS
650 _aINDUSTRY BENCHMARKS
650 _aMANAGEMENT-BUSINESS MANAGEMENT-INFORMATION MANAGEMENT
690 _aMANAGEMENT-BUSINESS MANAGEMENT-INFORMATION MANAGEMENT
700 _aBurrows, Clive
700 _aCollis, Stephen
710 _aRoyal Institution of Chartered Surveyors
_94900
942 _n0
948 _c27/04/1999
999 _c97797
_d97797